00940nam a22001937a 4500952011600000999001700116008004100133020001500174050002300189100004500212245006100257260004300318300002100361504003300382505019900415519011000614650001500724942000700739 00102lcc4070a08b08d2014-09-09l3oKGF2817 UR76 2006p08 005073r2016-10-11s2016-10-11t1w2014-09-09yLB c93945d93945140909s2006 mx ||||| |||| 00| 0 spa d a9700767329 aKGF2817bUR76 200610aUribarri Carpintero, Gonzalo e , autor 13aDerecho arbitral mexicanoc/ Gonzalo Uribarri Carpintero aMéxicob: Editorial Porrúac, 2006 ax, 333 páginas aBibliografía (pp. 321-325) aLa solución de controversias El arbitraje Las nuevas tendencias de resolución de controversias derivadas de los avances en los medios de comunicación e información: el arbitraje virtual  aEducación Mixta /bDerecho /cMedios alternativos de solución de controversias (P26-3) /d(08 005073)10aARBITRAJE  cLB